| Tag |
First Indicator |
Second Indicator |
Subfields |
| LEADER |
00000cam a2200000Ia 4500 |
| 001 |
in00000001701 |
| 007 |
he bmb024bbca |
| 008 |
981117s1996 mdu bb f000 0 eng d |
| 005 |
20230309222539.5 |
| 035 |
|
|
|a (OCoLC)ocm40333393
|
| 035 |
|
|
|9 AJC4878AM
|
| 035 |
|
|
|a in00000001701
|
| 037 |
|
|
|a 817-012-00003-5
|b GPO
|f paper copy
|
| 040 |
|
|
|a GPO
|c GPO
|d OCL
|d GPO
|d MvI
|d UtOrBLW
|
| 049 |
|
|
|a UMIC
|
| 049 |
|
|
|a WWW
|
| 074 |
|
|
|a 0508-H-01 (MF)
|
| 074 |
|
|
|a 0508-H-01 (online)
|
| 086 |
0 |
|
|a HE 20.3615/2:96-3
|
| 100 |
1 |
|
|a Scannell, Kristine.
|
| 245 |
1 |
4 |
|a The role of dietary supplements for physically active people :
|b January 1966 through April 1996 : 762 citations /
|c prepared by Kristine M. Scannell, Bernadette M. Marriott, Rebecca B. Costello.
|
| 264 |
|
1 |
|a Bethesda, Md. (8600 Rockville Pike, Bethesda 20894) :
|b U.S. Dept. of Health and Human Services, Public Health Service, National Institutes of Health, National Library of Medicine, Reference Section,
|c 1996.
|
| 300 |
|
|
|a ix, 53 pages
|
| 336 |
|
|
|a text
|b txt
|2 rdacontent
|
| 337 |
|
|
|a microform
|b h
|2 rdamedia
|
| 338 |
|
|
|a microfiche
|b he
|2 rdacarrier
|
| 490 |
1 |
|
|a Current bibliographies in medicine ;
|v 96-3
|
| 500 |
|
|
|a "Prepared in support of the National Institutes of Health Technology Assesment Conference on the Role of Dietary Supplements for Physically Active People, held in Bethesda, Maryland, June 3-4, 1996"--P. v.
|
| 500 |
|
|
|a Shipping list number: 99-0003-M.
|
| 500 |
|
|
|a Paper version no longer available for sale by the Supt. of Docs.
|
| 530 |
|
|
|a Also available via Internet from the NLM web site. Address as of 04/21/03: http://www.nlm.nih.gov/pubs/cbm/dietsup.html; current access available via PURL.
|
| 533 |
|
|
|a Microfiche.
|b [Washington, D.C.] :
|c Supt. of Docs., U.S. G.P.O.,
|d [1998]
|e 1 microfiche : negative.
|
| 500 |
|
|
|a Microform.
|
| 650 |
|
0 |
|a Dietary supplements
|v Bibliography.
|
| 700 |
1 |
|
|a Marriott, Bernadette M.
|
| 700 |
1 |
|
|a Costello, Rebecca B.
|
| 710 |
2 |
|
|a National Library of Medicine (U.S.).
|b Reference Section.
|
| 711 |
2 |
|
|a National Institutes of Health Technology Assessment Conference on the Role of Dietary Supplements for Physically Active People
|d (1996 :
|c Bethesda, Md.)
|
| 830 |
|
0 |
|a Current bibliographies in medicine ;
|v 96-3.
|
| 856 |
4 |
1 |
|u https://purl.fdlp.gov/GPO/LPS29856
|t 0
|
| 999 |
|
|
|a MARS
|
| 999 |
f |
f |
|i 453a5313-6628-38b2-9676-9495bbe54f1c
|s dfcce371-ca3a-3f0f-8265-b3d0dd88910a
|t 0
|
| 952 |
f |
f |
|p normal
|a Texas A&M University
|b College Station
|c Sterling C. Evans Library
|d Evans: US Documents Microfiche (3rd floor)
|t 0
|e HE 20.3615/2:96-3
|h Superintendent of Documents classification
|i microform -- microfiche
|m A14824382421
|
| 952 |
f |
f |
|a Texas A&M University
|b College Station
|c Electronic Resources
|d Available Online
|t 0
|e HE 20.3615/2:96-3
|h Superintendent of Documents classification
|
| 998 |
f |
f |
|a HE 20.3615/2:96-3
|t 0
|l Available Online
|
| 998 |
f |
f |
|a HE 20.3615/2:96-3
|t 0
|l Evans: US Documents Microfiche (3rd floor)
|